000
00283nam a22001217a 4500
008
171122b xxu||||| |||| 00| 0 eng d
041
_a
eng
080
_2
3 ED
_a
51
100
_a
38
101
_a
MAT
245
_a
BEGINING AND INTERMEDIATE ALGEBRA
_c
SMITH.SH.M
942
_2
udc
_c
BK
999
_c
38288
_d
38288